Регионална библиотека "Любен Каравелов" - Русе

Немско-български, българско-немски речник по зеленчукопроизводство (Запис номер 57412)

MARC детайли
000 -Лидер
Контролно поле с фиксирана дължина 01256nam a2200313 c 4500
003 - Код на организацията, давaща контролен номер
Контролно поле BLK
005 - Дата и час на последна редакция
Контролно поле 20180420222701.0
008 - Елементи от данни с фиксирана дължина
fixed length control field 180408b bul|||||r ||||||| ||bul||
010 ## - Наследен системен номер
LC control number KNG00061415000
040 ## - Източник на каталожния запис
Идентификатор на билиотеката - собственик на записа BLK
041 ## - Код за език
Код за езика на текст/звукозапис или на отделно заглавие Български
Код за езика КДБФ Български
080 ## - УДК
Текстов определител УДК Зеленчукопроизводство
УДК код - определител по УДК 635.1/.8
УДК определител (038)=30=867
УДК - код + определител 635.1/.8(038)=30=867
080 ## - УДК
Текстов определител УДК Различни категории думи
УДК код - определител по УДК 81`373.4
УДК определител =30=867:635.1/.8
УДК - код + определител 81`373.4=30=867:635.1/.8
100 1# - Редна дума - Автор
Автор Попова, Ламбрина
Авторска отговорност първи автор
R(LIN) 287604
139 ## - Редно поле
Редна дума Попова, Ламбрина
Авторски знак
245 10 - Сведения за заглавието
Заглавие Немско-български, българско-немски речник по зеленчукопроизводство
Редно поле (дума) Ламбрина Попова.
246 11 - Различни форми на заглавието
Паралелно заглавие Deutsch-bulgarisches, bulgarisch-deutsches gemusebau Worterbuch
257 ## - Страна на издаване
Страна на създаване/издаване България
260 ## - Област на издателските данни
-- София
Име на издателя, разпространителя и проч. БАН
Година на издаване 1968
300 ## - Физическа характеристика
Страници 219 с.
Размери/Мащаб 14 см
380 ## - Жанр
Жанр Селско стопанство
500 ## - Общи забележки
Забележка Библиогр. с. 21-23
720 ## - Неконтролирано име
Паралелен автор Lambrina Popowa
Ключова дума за отношение (Описва отношението между автора и произведението) паралелен автор
852 ## - Местоположение
Форматна сигнатура Цб І 10034
856 4# - Електронен адрес и достъп
Електронен формат pdf - файл
Път до файла /url/
856 4# - Електронен адрес и достъп
Електронен формат pdf - файл
Път до файла /url/
942 ## - АРТИКУЛИ
Вид на библиотечния материал Книги
Скрит в OPAC Не
944 ## - СЪЗДАВАНЕ И РЕДАКЦИЯ на ЗАПИСА
Създаване/Редакция Създаване
Дата на регистрацията/редакция 13.06.2004
Служител, извършил регистрацията/редакцията Наталия_Медовщикова
944 ## - СЪЗДАВАНЕ И РЕДАКЦИЯ на ЗАПИСА
Създаване/Редакция Редакция
Дата на регистрацията/редакция 02.04.2018
Служител, извършил регистрацията/редакцията Геновева_Генчева
999 ## - СИСТЕМНИ КОНТРОЛНИ НОМЕРА
Koha biblionumber 57412
Koha biblioitemnumber 57412
Наличности
Код за отписване Код за изгубен артикул Източник на класификационната схема Код за повреда Коз за рестрикции Код за отдаване Артикулен № Име на библиотеката - собственик Име на библиотеката, в която се намира в момента Статус (Текущо местоположение) Дата на вписване в системата Местоположение - отдел Цена в лева Инвентарен номер Систематично азбучна сигнатура Баркод Номер на екземпляра Цена в евро Служебна бележка Служебен тип на артикула
Изтеглен Не е изгубен Universal Decimal Classification Не е повреден без рестрикции ползва се в читалня 93019 Регионална библиотека "Любен Каравелов" Русе Регионална библиотека "Любен Каравелов" Русе Читалня - справочен фонд 1968-01-01 Читалня - справочен фонд 1.13 10368/68 СЧ 635(038)/П76Л 10368/68 1 0.58 Дата: 01.01.1968 Дата инв: 20.03.2017 Бележки инв: СЧ2017 Книги
Изтеглен Не е изгубен Universal Decimal Classification Не е повреден без рестрикции заемане за дома 93020 Регионална библиотека "Любен Каравелов" Русе Регионална библиотека "Любен Каравелов" Русе Заемна - подръчен фонд 1968-01-01 Заемна - подръчен фонд 0.00 10369/68 П 635.1/.8(035)/П76Л 10369/68 2 0.00 N: стар фонд Дата: 01.01.1968 Книги
  Не е изгубен Universal Decimal Classification Не е повреден без рестрикции ползва се в читалня 93021 Регионална библиотека "Любен Каравелов" Русе Регионална библиотека "Любен Каравелов" Русе Хранилище 1968-01-01 Хранилище 1.13 11143/68 Цб І 10034 900000029828 3 0.58 N: стар фонд Дата: 01.01.1968 Книги
Vip Innovations Ltd, Rousse, Bulgaria 2025